Normal view MARC view
  • Bhat,RL.

Entry Personal Name

Number of records used in: 1

001 - CONTROL NUMBER

  • control field: 6688

003 - CONTROL NUMBER IDENTIFIER

  • control field: OSt

005 - DATE AND TIME OF LATEST TRANSACTION

  • control field: 20180306121728.0

008 - FIXED-LENGTH DATA ELEMENTS

  • fixed length control field: 180306|| aca||aabn | a|a d

040 ## - CATALOGING SOURCE

  • Original cataloging agency: OSt
  • Transcribing agency: OSt

100 ## - HEADING--PERSONAL NAME

  • Personal name: Bhat,RL.

670 ## - SOURCE DATA FOUND

  • Source citation: Work cat.: (OSt): Bhat,RL., Holyfaith ABC of Social Sciences-VIII, 2009

Powered by Koha